|
|
|
|
| LEADER |
00000nab a2200000uu 4500 |
| 001 |
vtls010910550 |
| 003 |
SK-MaSNL |
| 005 |
20260304212301.0 |
| 008 |
230222|1983 xo |||||||||||||||||slo| |
| 015 |
|
|
|a SNBRB
|
| 035 |
|
|
|a (urnnbn)urn:nbn:sk:snk:ar-a081tq
|
| 035 |
|
|
|a (uuid)9a05e96c-0b06-4bfe-9541-c503843abbb1
|
| 035 |
|
|
|a urn:nbn:sk:snk-ab8zyj
|
| 040 |
|
|
|a SNKBUCL
|b slo
|c SNKBUCL
|e AACR2
|
| 041 |
0 |
|
|a slo
|
| 044 |
|
|
|a xo
|c SK
|
| 100 |
1 |
|
|a Nikšová, Gabriela,
|d 1928-1997
|4 aut
|9 131523
|
| 245 |
1 |
0 |
|a POJEM A FUNKCIA POSTPENITENCIÁRNEJ STAROSTLIVOSTI
|c Gabriela Nikšová
|
| 773 |
0 |
|
|t Acta Facultatis iuridicae Universitatis Comenianae
|g Roč. 4-1980, č. 4 (1983), s. 121-180
|
| 954 |
|
|
|a odborná, vedecká literatúra pôvodná (slovenská)
|2 lita
|
| 958 |
|
|
|a OND
|
| 958 |
|
|
|a EUIPO
|
| 958 |
|
|
|a article10
|
| 999 |
|
|
|c 3130786
|d 3132716
|